Loading...
| Literature - Poetry | 4 | 3 | 1 | 2 | 85 | 52 | 92.57 | 5 | 7 | 33.23 | 66.67 |
| Literature - Long Fiction | 1 | 3 | 1 | 0 | 40 | 84 | 108.00 | 3 | 4 | 10.35 | 31.82 |
| Fine Arts - Other | 1 | 3 | 2 | 3 | 35 | 42 | 97.25 | 2 | 4 | 8.92 | 23.08 |
| Fine Arts - Painting and Sculpture | 0 | 4 | 2 | 2 | 30 | 86 | 116.75 | 3 | 4 | 10.70 | 38.89 |
| History - American | 1 | 1 | 0 | 0 | 25 | 56 | 74.50 | 2 | 2 | 11.85 | 25.00 |
| Science - Other | 0 | 2 | 0 | 1 | 20 | 81 | 103.50 | 1 | 2 | 5.08 | 18.75 |
| Literature - Drama | 0 | 2 | 1 | 0 | 15 | 82 | 91.00 | 2 | 2 | 11.83 | 28.57 |
| Social Science | 0 | 1 | 0 | 1 | 10 | 140 | 140.00 | 1 | 1 | 0.81 | 7.14 |
| History - European | 0 | 1 | 0 | 0 | 10 | 84 | 84.00 | 1 | 1 | 4.85 | 11.11 |
| History - World | 0 | 1 | 0 | 1 | 10 | 120 | 120.00 | 1 | 1 | 1.50 | 7.69 |
| Mythology | 1 | 0 | 1 | 0 | 10 | 53 | 53.00 | 1 | 1 | 10.62 | 16.67 |
| Other Academic | 0 | 1 | 0 | 0 | 10 | 102 | 102.00 | 1 | 1 | 3.19 | 11.11 |
| Science - Biology | 0 | 1 | 0 | 1 | 10 | 144 | 144.00 | 0 | 1 | 0.15 | 5.56 |
| Science - Physics | 0 | 1 | 0 | 0 | 10 | 117 | 117.00 | 1 | 1 | 1.48 | 11.11 |
| Fine Arts - Classical Music | 0 | 1 | 2 | 1 | 0 | 142 | 142.00 | 0 | 1 | 0.30 | 5.56 |
| Science - Chemistry | 0 | 0 | 0 | 0 | 0 | 0.00 | 0 | 0 | 0.00 | 0.00 |